| 000 | 00761cam a2200265 a 4500 | ||
|---|---|---|---|
| 001 | 1563389 | ||
| 005 | 20171219041127.0 | ||
| 008 | 940607s1994 mauab 000 0 eng d | ||
| 010 | _a 92075894 | ||
| 020 | _a0312102798 | ||
| 020 | _a031207526X (pbk.) | ||
| 035 | _a(OCoLC)30066787 | ||
| 040 |
_aMMeT _cMMeT _dDLC |
||
| 041 | _aeng | ||
| 042 | _alccopycat | ||
| 080 | _a306.0973 UED | ||
| 082 | 0 | 0 |
_a306.0973 UED _220 |
| 100 | 1 | _a50 | |
| 101 | _aSOC | ||
| 245 | 1 | 0 |
_aPostwar immigrant America : _cReed Ueda. |
| 504 | _aIncludes bibliographical references and index. | ||
| 906 |
_a7 _bcbc _ccopycat _d2 _eopcn _f19 _gy-gencatlg |
||
| 942 |
_2ddc _cBK |
||
| 999 |
_c39148 _d39148 |
||